ბათუმის შოთა რუსთაველის სახელმწიფო უნივერსიტეტის ბიბლიოთეკა

სასწავლო-საწარმოო პრაქტიკუმი ხელსაწყოთმშენებლობაში : (ბიბ.ჩანაწერი № 38754)

000 -ლიდერი
ფიქსირებული სიგრძის საკონტროლო ველი 01004nam a2200205Ia 4500
001 - საკონტროლო ნომერი
საკონტროლო ველი 5084
003 - საკონტროლო ნომრის იდენტიფიკატორი
საკონტროლო ველი GE_BSU
005 - ბოლო ოპერაციის თარიღი და დრო
საკონტროლო ველი 20190528152707.0
008 - ფიქსირებული სიგრძის მონაცემთა ელემენტები - ზოგადი ინფორმაცია
ფიქსირებული სიგრძის საკონტროლო ველი 181216s1975||||ge |||||||||||||| ||geo||
040 ## - კატალოგიზაციის წყარო
Transcribing agency GE_BSU
041 ## - ენის კოდი
Language code of text/sound track or separate title geo
080 ## - უნივერსალური ათობითი კლასიფიკაციის ინდექსი
Universal Decimal Classification number 681.2(076.5) ტ-68
100 ## - მთავარი ჩანაწერი - პიროვნების სახელი
Personal name ტომარაძე, ო.
9 (RLIN) 1721
245 ## - ცნობა სათაურის შესახებ
Title სასწავლო-საწარმოო პრაქტიკუმი ხელსაწყოთმშენებლობაში :
Remainder of title დამხმ.სახელმძღვ. /
Statement of responsibility, etc ო. ტომარაძე, ზ. დემურიშვილი ; რედ. ე.კირვალიძე.
264 ## - წარმოების, გამოცემის, დისტრიბუციის და სხვა ცნობები
გამოცემის, წარმოების, დისტრიბუციის... ადგილი თბილისი :
გამოცემის, წარმოების, დისტრიბუციის... სახელწოდება სპი,
გამოცემის, წარმოების, დისტრიბუციის... თარიღი 1975.
300 ## - ფიზიკური აღწერა
Extent 124გვ. ;
Dimensions 20 სმ.
653 ## - INDEX TERM--UNCONTROLLED
Uncontrolled term სასწავლო-საწარმოო პრაქტიკუმი ხელსაწყოთმშენებლობაში
700 ## - ADDED ENTRY--PERSONAL NAME
Personal name დემურიშვილი, ზ.
Relator term ავტორი
9 (RLIN) 1722
942 ## - ADDED ENTRY ELEMENTS (KOHA)
Koha item type წიგნი
Source of classification or shelving scheme
ეგზემპლარები
ჩამოწერის სტატუსი დაკარგული ეგზემპლარის სტატუსი კლასიფიკაციის წყარო ან თაროზე გაწყობის სქემა დაზიანების სტატუსი არ გაიცემა მუდმივი მდებარეობა (დაცვის ადგილი) ამჟამინდელი ადგილსამყოფელი თაროზე განთავსების ადგილი შეძენის თარიღი ღირებულება, შესყიდვის ნორმალური ფასი სრული შენახვის შიფრი შტრიხკოდი ბოლო ოპერაციის თარიღი ეგზემპლარის მიმდევრობითი ნომერი (კეტერი?) ფასის ძალაში შესვლის თარიღი ეგზემპლარის სახეობა საჯარო შენიშვნა
          ტექნოლოგიური ფაკულტეტის ბიბლიოთეკა ტექნოლოგიური ფაკულტეტის ბიბლიოთეკა წიგნსაცავი 2018-12-17 1.40 681.2(076.5) ტ-68 11982 2018-12-17 11982 2018-12-17 წიგნი 1.40 ლ.
          ტექნოლოგიური ფაკულტეტის ბიბლიოთეკა ტექნოლოგიური ფაკულტეტის ბიბლიოთეკა წიგნსაცავი 2018-12-17 1.40 681.2(076.5) ტ-68 11983 2018-12-17 11983 2018-12-17 წიგნი 1.40 ლ.
          ტექნოლოგიური ფაკულტეტის ბიბლიოთეკა ტექნოლოგიური ფაკულტეტის ბიბლიოთეკა წიგნსაცავი 2018-12-17 1.40 681.2(076.5) ტ-68 11984 2018-12-17 11984 2018-12-17 წიგნი 1.40 ლ.